000 00463nam a2200169Ia 4500
003 OSt
005 20201124100818.0
008 190216s9999||||xx |||||||||||||| ||und||
040 _coclc
082 _a894.8123
_bURO/S
100 _aUroob
_96421
245 0 _aSundarikalum Sundaranmarum /
_cUroob
260 _bCurrent Books,
_c1986.
_aThrissur:
300 _a484p
650 _aNovel
942 _cBK
_2ddc
_h894.8123
_iURO/S
_k894.8123
_mURO/S
999 _c27574
_d27574